| 000 | 00615nam a2200253Ia 4500 | ||
|---|---|---|---|
| 003 | OSt | ||
| 005 | 20221006151849.0 | ||
| 006 | a|||||r|||| 00| 0 | ||
| 007 | ta | ||
| 008 | 221006b |||||||| |||| 00| 0 eng d | ||
| 020 | _c617.00 | ||
| 024 | _a23,737 | ||
| 037 | _cTextual | ||
| 040 |
_aEASL _cEASL _beng |
||
| 041 |
_2eng _aeng |
||
| 100 | _aJORDEN E H | ||
| 245 | 0 |
_aJapanese _b The spoken language |
|
| 260 |
_an _bYale University Press _c1987 |
||
| 300 |
_a371p. _ccm. |
||
| 490 | _v JEL | ||
| 700 |
_a NODA M _9660168 |
||
| 942 |
_cTEXL _2CC |
||
| 999 |
_c1091823 _d1091823 |
||